00426 2200169 4500001002100000005001700021008004100038020002200079035002500101041000700126082001200133090001800145100001700163245002500180260004200205650000900247INLIS0000000000041070:yyyyMMddHHmmss180719||||||||| | ||| |||| || |  a978-979-22-4763-3 a0010-031300000004107 aid0 a641.680 a641.680 KIR c0 adapur kirana00aCake sehat dan lezat aJakartabGramedia pustaka utamac2009 0aCake